| 000 | 01560nam a2200481 i 4500 | ||
|---|---|---|---|
| 001 | 39760 | ||
| 003 | KOSZ 005 | ||
| 005 | 20220311091422.0 | ||
| 008 | 010406s2001 pl f f |000 0 pol | ||
| 015 | _aUWD 2001/12456 | ||
| 020 | _a8386605677 | ||
| 035 | _a991015987489705066 | ||
| 035 | _a(PL-WaBN)b14292531-48omnis_nlop | ||
| 035 | _ab14292531 | ||
| 035 | _a(OCoLC)749183703 | ||
| 035 | _acc2001018104 | ||
| 035 | _a(PL)b0000001429253 | ||
| 035 | _a(EXLNZ-48OMNIS_NETWORK)9910498677005606 | ||
| 040 |
_aWA N _cWA N _dKOSZ 005/HR |
||
| 041 | 0 | _apol | |
| 046 | _k2001 | ||
| 080 | _a343.13(438) | ||
| 080 | _a(075.8) | ||
| 100 | 1 |
_aDaszkiewicz, Wiesław _d(1927-2013) _eAutor |
|
| 245 | 1 | 0 |
_aPrawo karne procesowe : _bzagadnienia ogólne. _nT. 2 / _cWiesław Daszkiewicz. |
| 250 | _aStan prawny na 31 stycznia 2001 r. | ||
| 260 |
_aBydgoszcz : _b"Branta", _ccop. 2001. |
||
| 300 |
_a196 s. ; _c24 cm. |
||
| 336 |
_aTekst _btxt _2rdacontent |
||
| 337 |
_aBez urządzenia pośredniczącego _bn _2rdamedia |
||
| 338 |
_aWolumin _bnc _2rdacarrier |
||
| 380 | _aKsiążki | ||
| 388 | _a2001- | ||
| 504 | _aBibliogr. | ||
| 650 | 7 |
_aPrawo karne procesowe _2DBN |
|
| 651 | 7 | _aPolska | |
| 655 | 7 |
_aPodręczniki akademickie _2DBN |
|
| 658 | _aPrawo i wymiar sprawiedliwości | ||
| 710 | 2 |
_aAgencja Marketingowa, Oficyna Wydawnicza Branta _4pbl |
|
| 856 |
_uhttp://koha.tu.koszalin.pl/cgi-bin/koha/opac-detail.pl?biblionumber=39760 _yKatalog online BPK |
||
| 942 |
_2UKD _cKS |
||
| 999 |
_c39760 _d39760 |
||